000 00653nam a22001817a 4500
005 20230620104856.0
008 220920b fr ||||| |||| 00| 0 fre d
050 0 4 _aGN814.K6
_bB53 1985
100 1 _aBhaktivedanta Swami Prabhupada,
_d1896-1977
245 1 3 _aLe livre de kṛṣṇa : un résumé complet de l'illustre dixième chant du Śrīmad-Bhāgavatam /
_cBhaktivedanta Swami Prabhupada
250 _a1a ed.
260 _aParis :
_bEditions Bhaktivedanta,
_c1985
300 _av. ;
_c21 cm.
490 0 _aLes Grands Classiques de L´Inde,
_vV.3
650 4 _aKrishna (deidad hindú)
650 4 _aPuranas Bhagavatopuraos
942 _2lcc
_cLIB
999 _c164281
_d164279